Painter,Desmond (Record no. 114836)

MARC details
000 -LEADER
fixed length control field 00295nam a2200109Ia 4500
082 ## - DEWEY DECIMAL CLASSIFICATION NUMBER
Classification number 150.968 INTE
020 ## - INTERNATIONAL STANDARD BOOK NUMBER
International Standard Book Number 9781868884483"
008 - FIXED-LENGTH DATA ELEMENTS--GENERAL INFORMATION
fixed length control field 210816s9999 xx 000 0 und d
100 ## - MAIN ENTRY--PERSONAL NAME
Personal name Interior: A history of Physchology in South Africa
9 (RLIN) 30824
245 #0 - TITLE STATEMENT
Title Painter,Desmond
942 ## - ADDED ENTRY ELEMENTS
item type Books

No items available.